Регионална библиотека "Любен Каравелов" - Русе

Евакуация на хора при пожар в помещения и сгради (Запис номер 69452)

MARC детайли
000 -Лидер
Контролно поле с фиксирана дължина 01817nam a2200397 c 4500
003 - Код на организацията, давaща контролен номер
Контролно поле BLK
005 - Дата и час на последна редакция
Контролно поле 20241118114646.0
008 - Елементи от данни с фиксирана дължина
fixed length control field 180408b bul|||||r ||||||| ||bul||
010 ## - Наследен системен номер
LC control number KNG00073799000
020 ## - Международен стандартен номер на книга ISBN
Международен стандартен номер на книга ISBN 978-954-751-077-7
-- издат.: Албатрос
040 ## - Източник на каталожния запис
Идентификатор на билиотеката - собственик на записа BLK
041 ## - Код за език
Код за езика на текст/звукозапис или на отделно заглавие Български
Код за езика КДБФ Български
080 ## - УДК
Текстов определител УДК Опасност от пожари. Противопожарна защита - Санитарна защина при пожар, откриване на пожар, алармиране, предпазни мерки, противопожарна техника
УДК код - определител по УДК 614.84
УДК определител (075.8)
УДК - код + определител 614.84(075.8)
100 1# - Редна дума - Автор
Автор Димитров, Стефан Димитров
Авторска отговорност първи автор
R(LIN) 368549
139 ## - Редно поле
Редна дума Димитров, Стефан Димитров
Авторски знак Дими - Д 58
245 10 - Сведения за заглавието
Заглавие Евакуация на хора при пожар в помещения и сгради
Подзаглавни данни Уч. помагало
Редно поле (дума) Стефан Димитров Димитров.
250 ## - Област на изданието
Сведения за изданието 3. прераб. и доп. изд.
257 ## - Страна на издаване
Страна на създаване/издаване България
260 ## - Област на издателските данни
-- София
Име на издателя, разпространителя и проч. Албатрос
Година на издаване 2007
Печатница София : Скала
300 ## - Физическа характеристика
Страници 204 с.
Илюстрации и др. с ил., табл., 1 л. : сх.
Размери/Мащаб 20 см
380 ## - Жанр
Жанр Медицина
500 ## - Общи забележки
Забележка 1. изд. 1993 г. на изд. ВИ-МВР. - Библиогр. с. 199-203
504 ## - Забележка за наличие на библиография и др
Забележка за наличие на библиография и под. 199-203
650 #4 - Допълнително описание по предмет – тема
Основно описание – тема или топоним Противопожарна охрана - учебници за ВУЗ
9 (RLIN) 246477
650 #4 - Допълнително описание по предмет – тема
Основно описание – тема или топоним Пожари
9 (RLIN) 166753
653 ## - Ключова дума – ненормативна
Ключова дума пожари
653 ## - Ключова дума – ненормативна
Ключова дума пожарна безопасност
653 ## - Ключова дума – ненормативна
Ключова дума евакуация
653 ## - Ключова дума – ненормативна
Ключова дума учебници за ВУЗ
852 ## - Местоположение
Форматна сигнатура Цб 232987
856 4# - Електронен адрес и достъп
Електронен формат pdf - файл
Път до файла /url/
856 4# - Електронен адрес и достъп
Електронен формат pdf - файл
Път до файла /url/
942 ## - АРТИКУЛИ
Вид на библиотечния материал Книги
Скрит в OPAC Не
Koha issues (borrowed), all copies 1
944 ## - СЪЗДАВАНЕ И РЕДАКЦИЯ на ЗАПИСА
Създаване/Редакция Създаване
Дата на регистрацията/редакция 05.04.2007
Статус, дата на статуса Христина Везирева
Служител, извършил регистрацията/редакцията 30535
944 ## - СЪЗДАВАНЕ И РЕДАКЦИЯ на ЗАПИСА
Създаване/Редакция Редакция
Дата на регистрацията/редакция 14.01.2011
Статус, дата на статуса ф /
Служител, извършил регистрацията/редакцията
999 ## - СИСТЕМНИ КОНТРОЛНИ НОМЕРА
Koha biblionumber 69452
Koha biblioitemnumber 69452
Наличности
Код за отписване Код за изгубен артикул Код за повреда Коз за рестрикции Код за отдаване Артикулен № Име на библиотеката - собственик Име на библиотеката, в която се намира в момента Статус (Текущо местоположение) Дата на вписване в системата Местоположение - отдел Цена в лева Инвентарен номер Систематично азбучна сигнатура Баркод Номер на екземпляра Цена в евро Служебна бележка Служебен тип на артикула
  Не е изгубен Не е повреден без рестрикции ползва се в читалня 113905 Регионална библиотека "Любен Каравелов" Русе Регионална библиотека "Любен Каравелов" Русе Читалня 2007-04-05 Читалня 10.00 120000712081 Ч 614/Д 58 120000712081 1 5.11 Дост: Pk Вид: Ф N: 3176 Дата: 04.04.2007 Дата инв: 17.03.2017 Бележки инв: Ч2017 Книги
  Не е изгубен Не е повреден без рестрикции ползва се в читалня 113906 Регионална библиотека "Любен Каравелов" Русе Регионална библиотека "Любен Каравелов" Русе Хранилище 2010-11-08 Хранилище 10.00 120000747118 Цб 232987 120000747118 2 5.11 Дост: Dp Вид: Д N: 10 Дата: 24.02.2010 Книги
Vip Innovations Ltd, Rousse, Bulgaria 2025